[Event "SR 3. liga A2 2006/2007"]
[Site "?"]
[Date "2007.01.28"]
[Round "7"]
[White "Palka, Miroslav"]
[Black "Pagerka, Martin"]
[Result "0-1"]
[WhiteElo "2055"]
[BlackElo "1996"]
[Annotator "Osuské B - Senica B  /2/"]
[PlyCount "84"]
[EventDate "2006.??.??"]

1. c4 e5 2. Nc3 Nc6 3. g3 Nge7 4. e4 Nd4 5. Bg2 Nec6 6. Nge2 d6 7. Nxd4 Nxd4 8.
d3 Be7 9. Be3 h5 10. h3 h4 11. g4 Ne6 12. Qd2 Bg5 13. Bxg5 Qxg5 14. Qxg5 Nxg5
15. Nd5 Ne6 16. Ne3 Nf4 17. Bf1 c6 18. Ng2 Ne6 19. Be2 a6 20. Rf1 g5 21. Kd2 b5
22. cxb5 axb5 23. Rfc1 Nd4 24. Ne3 Be6 25. Nf5 Bxf5 26. gxf5 Kd7 27. Bd1 Ra7
28. a3 Rha8 29. Rab1 f6 30. Rc3 Rb8 31. b4 Rba8 32. Ra1 c5 33. bxc5 b4 34. Rc4
bxa3 35. cxd6 Kxd6 36. Rb4 a2 37. Ke3 g4 38. hxg4 h3 39. Rxd4+ exd4+ 40. Kxd4
h2 41. Bb3 Rb8 42. Bxa2 Rxa2 0-1

[Event "SR 3. liga A2 2006/2007"]
[Site "?"]
[Date "2007.01.28"]
[Round "7"]
[White "Diviak, Rastislav"]
[Black "Sebesta, Radovan"]
[Result "1/2-1/2"]
[WhiteElo "1958"]
[BlackElo "2057"]
[Annotator "Osuské B - Senica B  /3/"]
[PlyCount "36"]
[EventDate "2006.??.??"]

1. e4 c5 2. Nf3 Nc6 3. d4 cxd4 4. Nxd4 g6 5. c4 Bg7 6. Be3 Nf6 7. Nc3 O-O 8.
Be2 d6 9. O-O Bd7 10. Qd2 Nxd4 11. Bxd4 Bc6 12. f3 Nd7 13. Bxg7 Kxg7 14. Rfd1
Qb6+ 15. Kh1 Nf6 16. Rac1 Rac8 17. b3 Qf2 18. Rf1 Qb6 $11 1/2-1/2

[Event "SR 3. liga A2 2006/2007"]
[Site "?"]
[Date "2007.01.28"]
[Round "7"]
[White "Skapikova, Lubica"]
[Black "Pericka, Tomas"]
[Result "1-0"]
[WhiteElo "2013"]
[BlackElo "1913"]
[Annotator "Osuské B - Senica B  /4/"]
[PlyCount "53"]
[EventDate "2006.??.??"]

1. e4 c5 2. Nf3 Nc6 3. d4 cxd4 4. Nxd4 Nf6 5. Nc3 g6 6. Be3 Bg7 7. f3 O-O 8.
Qd2 d5 9. Nxc6 bxc6 10. e5 Nd7 11. f4 Rb8 12. Na4 Qc7 13. c4 e6 14. b3 Rd8 15.
Qf2 Nxe5 16. fxe5 Qxe5 17. Rd1 Bh6 18. Rd3 d4 19. Qh4 Bb7 20. Qxh6 dxe3 21.
Qxe3 Qa1+ 22. Kf2 Rxd3 23. Qxd3 Qf6+ 24. Qf3 Qh4+ 25. g3 Qd4+ 26. Qe3 Qf6+ 27.
Qf4 1-0

[Event "SR 3. liga A2 2006/2007"]
[Site "?"]
[Date "2007.01.28"]
[Round "7"]
[White "Hanzluvka, Peter"]
[Black "Zisek, Jaroslav"]
[Result "1-0"]
[WhiteElo "2042"]
[BlackElo "1946"]
[Annotator "Osuské B - Senica B  /5/"]
[PlyCount "80"]
[EventDate "2006.??.??"]

1. e4 c5 2. Nf3 d6 3. d4 cxd4 4. Nxd4 Nf6 5. Nc3 a6 6. Bc4 e6 7. Bb3 Qc7 8. O-O
Bd7 9. Bg5 Be7 10. Re1 Nc6 11. Nxc6 Bxc6 12. Qd3 O-O 13. Qg3 Nh5 14. Qg4 Bxg5
15. Qxg5 Nf6 16. Rad1 b5 17. Rd3 h6 18. Qf4 Rad8 19. a3 a5 20. Rh3 Kh7 21. g4
Qe7 22. g5 Ng8 23. e5 d5 24. Ne2 f6 25. gxh6 gxh6 26. Nd4 Bd7 27. Ree3 fxe5 28.
Qxe5 Qf6 29. Qxf6 Rxf6 30. Kg2 e5 31. Rxe5 Bxh3+ 32. Kxh3 Rxf2 33. Nxb5 Nf6 34.
Re7+ Kg6 35. Nc7 Kf5 36. Ne6 Rd6 37. Nd4+ Kg6 38. Ra7 Rd2 39. Nf3 Rd1 40. c3
Rb1 1-0

[Event "SR 3. liga A2 2006/2007"]
[Site "?"]
[Date "2007.01.28"]
[Round "7"]
[White "Palka, Martin"]
[Black "Karlik, Lukas"]
[Result "1/2-1/2"]
[WhiteElo "1901"]
[BlackElo "1842"]
[Annotator "Osuské B - Senica B  /6/"]
[PlyCount "61"]
[EventDate "2006.??.??"]

1. e4 d5 2. exd5 Qxd5 3. Nc3 Qa5 4. Bc4 Nf6 5. h3 c6 6. Nf3 Bf5 7. d3 e6 8. Bd2
Qc7 9. Qe2 Bd6 10. Nh4 Bg6 11. Nxg6 hxg6 12. Ne4 Nxe4 13. Qxe4 Nd7 14. O-O-O
O-O-O 15. d4 Nf6 16. Qf3 Rh5 17. g4 Rh7 18. Rhe1 Rdh8 19. Bf1 Nd5 20. c4 Nf4
21. Bxf4 Bxf4+ 22. Kb1 Rd8 23. Bg2 Rhh8 $11 24. d5 cxd5 25. cxd5 Kb8 26. dxe6
fxe6 27. Qe4 Rxd1+ 28. Rxd1 Rc8 29. a3 g5 $11 30. Qa4 Qc4 31. Qxc4 $11 1/2-1/2

[Event "SR 3. liga A2 2006/2007"]
[Site "?"]
[Date "2007.01.28"]
[Round "7"]
[White "Skapik, Branislav"]
[Black "Fidericky, Milan"]
[Result "0-1"]
[WhiteElo "1800"]
[BlackElo "1888"]
[Annotator "Osuské B - Senica B  /7/"]
[PlyCount "122"]
[EventDate "2006.??.??"]

1. c4 e5 2. Nc3 c5 3. g3 Nc6 4. Bg2 d6 5. d3 Nf6 6. Nf3 Be7 7. a3 O-O 8. O-O h6
9. Rb1 Be6 10. b4 Rb8 11. Nd2 Qc8 12. b5 Nd8 13. Nde4 Nxe4 14. Bxe4 Bh3 15. Nd5
Qd7 16. Bg2 Bxg2 17. Kxg2 Ne6 18. f4 f5 19. e4 Nd4 20. Bb2 fxe4 21. Bxd4 exd4
22. dxe4 Qe6 23. Qd3 Bd8 24. Rbe1 Ba5 25. Re2 Rbe8 26. Qc2 Rf7 27. Rff2 Qd7 28.
f5 Bd8 29. h4 Bf6 30. Qb3 Be5 31. a4 Qd8 32. Rf3 Ref8 33. b6 axb6 34. Nxb6 g5
35. h5 g4 36. Rf1 Qg5 37. Rh1 Rxf5 38. exf5 Qxf5 39. Nd5 Qf3+ 40. Qxf3 gxf3+
41. Kf2 fxe2+ 42. Kxe2 Rf7 43. g4 Kf8 44. Rb1 Ke8 45. a5 Kd8 46. a6 bxa6 47.
Rb8+ Kd7 48. Rb7+ Ke6 49. Rb8 Ra7 50. Rg8 Bg7 51. Re8+ Kf7 52. Rd8 Be5 53. Nb6
a5 54. Nc8 Ra6 55. Rd7+ Kf6 56. Rd8 a4 57. Rg8 a3 58. g5+ hxg5 59. Rg6+ Kf7 60.
Rxg5 a2 61. Rf5+ Ke6 0-1

[Event "SR 3. liga A2 2006/2007"]
[Site "?"]
[Date "2007.01.28"]
[Round "7"]
[White "Havlicek, Peter"]
[Black "Cajka, Tibor"]
[Result "1/2-1/2"]
[WhiteElo "1715"]
[BlackElo "1784"]
[Annotator "Osuské B - Senica B  /8/"]
[PlyCount "87"]
[EventDate "2006.??.??"]

1. e4 c5 2. Nf3 Nc6 3. c3 g6 4. Bc4 Bg7 5. O-O d6 6. d4 cxd4 7. cxd4 Nf6 8. Nc3
O-O 9. h3 Nxe4 10. Bxf7+ Rxf7 11. Nxe4 Qb6 12. d5 Ne5 13. Nfg5 Rf8 14. Rb1 h6
15. Be3 Qa5 16. Ne6 Bxe6 17. dxe6 Qxa2 18. b3 Nc6 19. Qg4 Kh7 20. Qh4 Kg8 21.
Bxh6 Qe2 22. Bxg7 Kxg7 23. f3 Qe3+ 24. Kh1 Qf4 25. Qxf4 Rxf4 26. g3 Rf5 27. f4
Nd4 28. Ng5 Rb5 29. Rfc1 Rc5 30. b4 Rxc1+ 31. Rxc1 Ne2 32. Rc7 Nxg3+ 33. Kg2
Nf5 34. Rxb7 Kf6 35. Kf3 Nd4+ 36. Kg4 Nxe6 37. Ne4+ Kf7 38. Nxd6+ Kf8 39. f5
gxf5+ 40. Nxf5 a5 41. bxa5 Rxa5 42. Nxe7 Rg5+ 43. Kh4 Rg7 44. Kh5 1/2-1/2

[Event "SR 3. liga A2 2006/2007"]
[Site "?"]
[Date "2007.01.28"]
[Round "7"]
[White "Pribila, Gerhard"]
[Black "Provaznik, Michal"]
[Result "1/2-1/2"]
[WhiteElo "2022"]
[BlackElo "2176"]
[Annotator "Gbely - Holíc  /1/"]
[PlyCount "39"]
[EventDate "2006.??.??"]

1. e4 c5 2. Nf3 Nc6 3. d4 cxd4 4. Nxd4 g6 5. c4 Bg7 6. Be3 d6 7. Be2 Nf6 8. Nc3
O-O 9. O-O Nxd4 10. Bxd4 a6 11. Be3 Bd7 12. Rc1 Qa5 13. Qd2 Rfc8 14. b3 b5 15.
Nd5 Qxd2 16. Nxf6+ $11 Bxf6 17. Bxd2 Rab8 18. cxb5 axb5 19. Rxc8+ Rxc8 20. Rc1
$11 1/2-1/2

[Event "SR 3. liga A2 2006/2007"]
[Site "?"]
[Date "2007.01.28"]
[Round "7"]
[White "Horak, Ivan"]
[Black "Vach, Jozef"]
[Result "1-0"]
[WhiteElo "2127"]
[BlackElo "1992"]
[Annotator "Gbely - Holíc  /2/"]
[PlyCount "83"]
[EventDate "2006.??.??"]

1. e4 c5 2. Nc3 d6 3. f4 a6 4. a4 Nc6 5. Bc4 Nf6 6. d3 Bg4 7. Qd2 Bd7 8. Nf3 e6
9. O-O Be7 10. h3 O-O 11. g4 Qc7 12. f5 Ne5 13. Nxe5 dxe5 14. g5 Nh5 15. Qg2 g6
16. f6 Bd6 17. Qg4 Rfb8 18. a5 Re8 19. Bd2 Rab8 20. Na4 Nf4 21. Bxf4 exf4 22.
Nb6 Bc6 23. h4 h5 24. gxh6 Kh7 25. c3 Rg8 26. Qg5 Qd8 27. e5 Bf8 28. Qxf4 Bxh6
29. Qg3 Qc7 30. Bb3 Rbd8 31. Bc2 Bb5 32. Rae1 Be8 33. Rf2 Qc6 34. Rh2 Qc7 35.
Re4 Rd5 36. d4 cxd4 37. Nxd5 exd5 38. Rxd4 Qxa5 39. h5 Qa1+ 40. Rd1 Qa5 41.
hxg6+ fxg6 42. Qe3 1-0

[Event "SR 3. liga A2 2006/2007"]
[Site "?"]
[Date "2007.01.28"]
[Round "7"]
[White "Jozefovic, Milan"]
[Black "Sefcik, Marek"]
[Result "0-1"]
[WhiteElo "1956"]
[BlackElo "1974"]
[Annotator "Gbely - Holíc  /3/"]
[PlyCount "96"]
[EventDate "2006.??.??"]

1. e4 Nc6 2. Nf3 d6 3. Nc3 Nf6 4. d3 g6 5. h3 Bg7 6. Be3 e5 7. Qd2 h6 8. Be2
Bd7 9. Nb5 a6 10. Nc3 Qe7 11. Nd5 Nxd5 12. exd5 Nd8 13. O-O-O f5 14. Qa5 c5 15.
g3 Qf7 16. c4 Qf6 17. Bd2 b5 18. cxb5 Bxb5 19. Bc3 O-O 20. Nh4 f4 21. Rhg1 Qf7
22. Kc2 g5 23. Nf3 Qxd5 24. Nd2 Qf7 25. Ne4 f3 26. Bf1 Qd7 27. g4 Ne6 28. b3
Bc6 29. Nd2 Bd5 30. Rg3 Nd4+ 31. Bxd4 exd4 32. Rg1 Qb5 33. Qa3 a5 34. Rb1 Qb4
35. Qb2 a4 36. bxa4 Qxa4+ 37. Kc1 Rfe8 38. Ne4 Qxa2 39. Rg3 Qxb2+ 40. Rxb2 Ra1+
41. Rb1 Rxb1+ 42. Kxb1 c4 43. Rxf3 cxd3 44. Bxd3 Bxe4 45. Bxe4 Rxe4 46. Kc2 Be5
47. Rd3 Re2+ 48. Rd2 Rxd2+ 0-1

[Event "SR 3. liga A2 2006/2007"]
[Site "?"]
[Date "2007.01.28"]
[Round "7"]
[White "Bilovsky, Milan"]
[Black "Kocak, Branislav"]
[Result "0-1"]
[WhiteElo "1880"]
[BlackElo "1774"]
[Annotator "Gbely - Holíc  /4/"]
[PlyCount "106"]
[EventDate "2006.??.??"]

1. e4 c5 2. Nf3 d6 3. d4 cxd4 4. Nxd4 Nf6 5. Nc3 g6 6. Be2 Bg7 7. Be3 O-O 8.
O-O Nc6 9. f4 Qb6 10. e5 dxe5 11. fxe5 Nxe5 12. Nf5 Qd8 13. Qxd8 Rxd8 14. Nxe7+
Kh8 15. Bg5 Rd6 16. Nb5 Rd7 17. Nxc8 Ne4 18. Nbxa7 Nxg5 19. Rad1 Rxd1 20. Rxd1
Ne6 21. b4 Nc6 22. Nxc6 Rxc8 23. Bc4 bxc6 24. Bxe6 fxe6 25. Rd6 Kg8 26. Rxe6
Kf7 27. Re4 Ra8 28. Rc4 Ra6 29. Kf1 Ke6 30. Ke2 Kd5 31. Rf4 Rxa2 32. Rf7 Rxc2+
33. Kf3 Bc3 34. Rxh7 Bxb4 35. Rg7 Bd6 36. h4 Rc3+ 37. Kf2 Bg3+ 38. Ke2 Bxh4 39.
Rxg6 Rg3 40. Rh6 Rxg2+ 41. Kd3 Bg5 42. Rh7 Bf4 43. Rd7+ Bd6 44. Rd8 Rg3+ 45.
Kc2 c5 46. Kd2 Kc6 47. Kc2 Be5 48. Kd2 Kb5 49. Kc2 Kc4 50. Re8 Rg2+ 51. Kd1 Bd4
52. Ra8 Kd3 53. Ra3+ Bc3 0-1

[Event "SR 3. liga A2 2006/2007"]
[Site "?"]
[Date "2007.01.28"]
[Round "7"]
[White "Zajicek, Ferdinand"]
[Black "Holly, Milan"]
[Result "1-0"]
[WhiteElo "1753"]
[BlackElo "1776"]
[Annotator "Gbely - Holíc  /5/"]
[PlyCount "106"]
[EventDate "2006.??.??"]

1. e4 e6 2. d4 b6 3. Nc3 Bb7 4. Nf3 Bb4 5. Bd3 Bxc3+ 6. bxc3 d5 7. e5 c5 8. O-O
Ne7 9. Be3 Qc7 10. Nh4 Nbc6 11. f4 g6 12. Nf3 cxd4 13. cxd4 Rc8 14. a3 Na5 15.
Nd2 Qc3 16. Nb3 Nc4 17. Bd2 Nxd2 18. Qxd2 O-O 19. g4 Rc7 20. f5 Qxd2 21. Nxd2
gxf5 22. gxf5 Nxf5 23. Rf4 f6 24. Nf3 Rg7+ 25. Kf2 fxe5 26. dxe5 Nh6 27. Rxf8+
Kxf8 28. Nd4 Ke7 29. Rf1 Ng4+ 30. Ke1 Nxe5 31. Bf5 Bc8 32. Bh3 Bd7 33. Rf2 Rg5
34. Re2 Kd6 35. Kf2 Ng4+ 36. Kg3 h5 37. Nf3 Rg7 38. Kh4 e5 39. Ng5 Nf6 40. Rf2
Ng4 41. Rg2 Re7 42. Re2 e4 43. Kxh5 Ne5 44. Bxd7 Rxd7 45. h4 Rd8 46. Kh6 Rh8+
47. Nh7 Nf3 48. Kg7 Rc8 49. h5 Nh4 50. Ng5 Rc7+ 51. Kf6 Kc5 52. Ne6+ Kd6 53.
Nxc7 Kxc7 1-0

[Event "SR 3. liga A2 2006/2007"]
[Site "?"]
[Date "2007.01.28"]
[Round "7"]
[White "Harasta, Juraj"]
[Black "Kastler, Peter"]
[Result "0-1"]
[WhiteElo "1723"]
[BlackElo "1657"]
[Annotator "Gbely - Holíc  /6/"]
[PlyCount "42"]
[EventDate "2006.??.??"]

1. e4 e5 2. f4 Bc5 3. Nf3 d6 4. Bc4 Nc6 5. Nc3 a6 6. fxe5 dxe5 7. d3 Bg4 8.
Bxf7+ Kxf7 9. Ng5+ Qxg5 10. Bxg5 Bxd1 11. Kxd1 Nf6 12. Rf1 Ne7 13. Ke2 Rhf8 14.
g4 Ke6 15. h3 h6 16. Bh4 g5 17. Bg3 Nc6 18. Na4 Ba7 19. Rh1 Rf7 20. c3 b5 21.
d4 Nxe4 0-1

[Event "SR 3. liga A2 2006/2007"]
[Site "?"]
[Date "2007.01.28"]
[Round "7"]
[White "Brunovsky, Peter"]
[Black "Brisudova, Veronika"]
[Result "1-0"]
[WhiteElo "1649"]
[BlackElo "1664"]
[Annotator "Gbely - Holíc  /7/"]
[PlyCount "97"]
[EventDate "2006.??.??"]

1. d4 d5 2. Nf3 Nf6 3. Bf4 Bf5 4. e3 Nbd7 5. Bd3 Be4 6. Bxe4 Nxe4 7. Nbd2 Ndf6
8. O-O e6 9. c4 c6 10. c5 Be7 11. Qc2 h6 12. b4 O-O 13. a4 b6 14. Ne5 Rc8 15.
Rfc1 bxc5 16. bxc5 Nxd2 17. Qxd2 Nh5 18. Rcb1 Nxf4 19. exf4 Bf6 20. Rb7 Rc7 21.
Rab1 Bxe5 22. fxe5 Qe7 23. Qb4 Rfc8 24. a5 Kh7 25. g3 f6 26. f4 fxe5 27. fxe5
Qg5 28. Qc3 Qg6 29. Qf3 Qg5 30. Qd3+ Kg8 31. Rxc7 Rxc7 32. Rb8+ Kf7 33. Qf3+
Kg6 34. Qd3+ Qf5 35. Qxf5+ Kxf5 36. a6 Ke4 37. Rb7 Rc8 38. Rxa7 Kxd4 39. Rxg7
Ra8 40. a7 Kxe5 41. h4 Kd4 42. g4 Kxc5 43. g5 hxg5 44. h5 d4 45. h6 d3 46. h7
d2 47. Rd7 Kb6 48. Rxd2 Kc7 49. Rg2 1-0

[Event "SR 3. liga A2 2006/2007"]
[Site "?"]
[Date "2007.01.28"]
[Round "7"]
[White "Holiencin, Filip"]
[Black "Drska, Michal"]
[Result "1-0"]
[WhiteElo "1635"]
[BlackElo "1350"]
[Annotator "Gbely - Holíc  /8/"]
[PlyCount "60"]
[EventDate "2006.??.??"]

1. e4 e5 2. Nf3 Nc6 3. Bb5 a6 4. Ba4 b5 5. Bb3 d6 6. h3 Be7 7. O-O Nf6 8. Re1
O-O 9. d4 Nxd4 10. Nxd4 exd4 11. c3 dxc3 12. Nxc3 c6 13. Qf3 Be6 14. e5 Bxb3
15. exf6 Bxf6 16. axb3 d5 17. b4 a5 18. bxa5 Rxa5 19. Bd2 Rxa1 20. Rxa1 Qd6 21.
Qg4 h6 22. Re1 Ra8 23. g3 b4 24. Nd1 c5 25. Qf5 c4 26. Qc2 Ra2 27. Re8+ Qf8 28.
Rxf8+ Kxf8 29. Bxb4+ Kg8 30. Kg2 c3 1-0

[Event "SR 3. liga A2 2006/2007"]
[Site "?"]
[Date "2007.01.28"]
[Round "7"]
[White "Bukovsky, Milan"]
[Black "Janko, Ladislav"]
[Result "1-0"]
[WhiteElo "2036"]
[BlackElo "2180"]
[Annotator "Trnava C - Gabcíkovo  /1/"]
[PlyCount "91"]
[EventDate "2006.??.??"]

1. c4 g6 2. Nc3 Bg7 3. d4 d6 4. e4 Nc6 5. Be3 e5 6. Nge2 f5 7. exf5 Bxf5 8. d5
Nce7 9. Ng3 Nf6 10. f3 O-O 11. Bd3 c6 12. dxc6 bxc6 13. Qc2 Bxd3 14. Qxd3 d5
15. cxd5 cxd5 16. Bc5 Rf7 17. O-O Qa5 18. b4 Qd8 19. Rad1 d4 20. Rfe1 Ned5 21.
Nxd5 Nxd5 22. Ne4 Kh8 23. Nd6 Rd7 24. Nc4 Qg5 25. Qd2 Qf5 26. Nxe5 Ne3 27. Nxd7
Nxd1 28. Rxd1 Qxd7 29. Bxd4 Bxd4+ 30. Qxd4+ Qxd4+ 31. Rxd4 Rb8 32. a4 Rb7 33.
Kf2 Kg7 34. Ke3 Kf6 35. Kd3 Ke5 36. Kc3 h5 37. Rd2 h4 38. b5 Rf7 39. Kb4 g5 40.
Ka5 h3 41. Ka6 Rf4 42. a5 Ra4 43. gxh3 Ke6 44. Rg2 Kf6 45. Rg4 Ra3 46. f4 1-0

[Event "SR 3. liga A2 2006/2007"]
[Site "?"]
[Date "2007.01.28"]
[Round "7"]
[White "Sulek, Viliam"]
[Black "Krist, Milan"]
[Result "1/2-1/2"]
[WhiteElo "2202"]
[BlackElo "2039"]
[Annotator "Trnava C - Gabcíkovo  /2/"]
[PlyCount "38"]
[EventDate "2006.??.??"]

1. e4 e6 2. Qe2 c5 3. Nf3 Nc6 4. c3 Nge7 5. g3 d5 6. d3 g6 7. Bg2 Bg7 8. O-O
O-O 9. a4 d4 10. c4 e5 11. Nh4 Bd7 12. f4 f5 13. fxe5 Nxe5 14. Bf4 fxe4 15.
Bxe4 Bg4 16. Qe1 N7c6 17. Nd2 Re8 18. Qf2 Rf8 19. Qe1 Re8 1/2-1/2

[Event "SR 3. liga A2 2006/2007"]
[Site "?"]
[Date "2007.01.28"]
[Round "7"]
[White "Puskas, Miroslav"]
[Black "Janko, Michal"]
[Result "0-1"]
[WhiteElo "2025"]
[BlackElo "2083"]
[Annotator "Trnava C - Gabcíkovo  /3/"]
[PlyCount "72"]
[EventDate "2006.??.??"]

1. e4 c5 2. Nf3 Nc6 3. d4 cxd4 4. Nxd4 e5 5. Nb5 d6 6. c4 Be7 7. Be3 f5 8. exf5
Bxf5 9. g4 Be6 10. N1c3 a6 11. Na3 Nh6 12. h3 $11 O-O 13. Bg2 Bg5 14. Bd5 Bxd5
15. Qxd5+ Kh8 16. O-O-O Rxf2 17. Bxg5 Qxg5+ 18. Kb1 Qg6+ 19. Ka1 Nd4 20. Qxb7
Raf8 21. Qe4 Qg5 22. Nd5 Ng8 23. h4 Qd8 24. g5 Qb8 25. Rb1 Re2 26. Qd3 Rf3 27.
Qd1 Rff2 28. Rf1 Rh2 29. Rh1 Rhf2 30. Rf1 Rh2 31. Rh1 Qc8 32. Rxh2 Rxh2 33. h5
Qf5 34. h6 gxh6 35. gxh6 Nxh6 36. Qa4 Qxb1+ 0-1

[Event "SR 3. liga A2 2006/2007"]
[Site "?"]
[Date "2007.01.28"]
[Round "7"]
[White "Puobis, Jozef"]
[Black "Hagara, Vladimir"]
[Result "1/2-1/2"]
[WhiteElo "2043"]
[BlackElo "1975"]
[Annotator "Trnava C - Gabcíkovo  /4/"]
[PlyCount "137"]
[EventDate "2006.??.??"]

1. e4 d6 2. d4 Nf6 3. Nc3 c6 4. Bg5 Nbd7 5. Nf3 Qc7 6. Bd3 e5 7. dxe5 dxe5 8.
O-O Bd6 9. h3 O-O 10. Nh4 h6 11. Bxf6 Nxf6 12. Qf3 Be6 13. Ne2 Nh7 14. Ng3 Ng5
15. Qh5 Qe7 16. Nhf5 Bxf5 17. Nxf5 Qe6 18. Rad1 Bc5 19. b3 b5 20. a4 a6 21.
axb5 axb5 22. Kh1 Qg6 23. Qh4 Ne6 24. g3 Qg5 25. f4 Qxh4 26. Nxh4 exf4 27. gxf4
Rfe8 28. Nf5 Kh7 29. Kg2 g6 30. Ng3 Ra7 31. h4 Kg7 32. e5 Be3 33. Ne2 Nc5 34.
Kf3 Nxd3 35. Rxd3 Bc5 36. Rc3 Be7 37. Rxc6 Bxh4 38. Nd4 Rb7 39. Ra1 Rd8 40. Ke3
Bg3 41. Ne2 Bh4 42. b4 Be7 43. c3 Rbd7 44. Nd4 Bxb4 45. e6 Rd5 46. exf7 Kxf7
47. Ra7+ Be7 48. Rcc7 Re8 49. Ke4 Rd6 50. f5 Kf6 51. Kf3 gxf5 52. Nxb5 Rd3+ 53.
Ke2 Rd5 54. Rc6+ Kg5 55. Nc7 Bc5+ 56. Nxe8 Bxa7 57. Ng7 Re5+ 58. Kf1 f4 59. Ra6
Be3 60. Ne6+ Kg4 61. Nd4 f3 62. Rg6+ Rg5 63. Rxh6 $11 Bxd4 64. cxd4 Kg3 65. Rh8
Kf4 66. Rf8+ Ke3 67. Re8+ Kxd4 68. Kf2 Rf5 69. Re7 1/2-1/2

[Event "SR 3. liga A2 2006/2007"]
[Site "?"]
[Date "2007.01.28"]
[Round "7"]
[White "Klanica, Anton"]
[Black "Kantor, Reka"]
[Result "1-0"]
[WhiteElo "1927"]
[BlackElo "1786"]
[Annotator "Trnava C - Gabcíkovo  /5/"]
[PlyCount "101"]
[EventDate "2006.??.??"]

1. e4 d6 2. d4 g6 3. Be3 Bg7 4. Nc3 Nf6 5. f3 Nbd7 6. Qd2 c6 7. Bd3 b5 8. a3 a6
9. Nge2 Bb7 10. Ng3 Qc7 11. Nce2 Rd8 12. c3 c5 13. d5 c4 14. Bc2 Ne5 15. Nd4
Nfd7 16. O-O Nc5 17. h3 Ned3 18. Rab1 Ne5 19. f4 Ned7 20. f5 Ne5 21. Bh6 Bf6
22. Bg5 Bxg5 23. Qxg5 Kd7 24. Nf3 Kc8 25. Nxe5 dxe5 26. fxg6 fxg6 27. Rf7 Rd7
28. Rbf1 Kb8 29. Bd1 Nd3 30. Bg4 Qc5+ 31. Kh2 Rc7 32. Qd2 Qd6 33. Rf8+ Rxf8 34.
Rxf8+ Bc8 35. Bxc8 Rxc8 36. Rf7 h5 37. b4 Nf4 38. Ne2 Nxe2 39. Qxe2 e6 40. Qf2
Rc7 41. Rf6 Re7 42. Rxg6 Kb7 43. Qf8 Kc7 44. Qg8 Kd7 45. Qa8 Re8 46. Qb7+ Kd8
47. Rg7 Re7 48. Rg8+ Re8 49. Qa8+ Kc7 50. Rxe8 exd5 51. Qc8+ 1-0

[Event "SR 3. liga A2 2006/2007"]
[Site "?"]
[Date "2007.01.28"]
[Round "7"]
[White "Bott, Tamas"]
[Black "Jurik, Michal"]
[Result "0-1"]
[WhiteElo "1902"]
[BlackElo "1915"]
[Annotator "Trnava C - Gabcíkovo  /6/"]
[PlyCount "96"]
[EventDate "2006.??.??"]

1. e4 c5 2. d4 cxd4 3. Qxd4 Nc6 4. Qd3 Nf6 5. Nc3 Qb6 6. Be2 g6 7. Bf4 d6 8.
O-O-O Bg7 9. a3 O-O 10. Be3 Qa5 11. h4 Ne5 12. Qd2 Neg4 13. Bxg4 Nxg4 14. Nd5
Qd8 15. h5 Nxe3 16. Qxe3 e6 17. Nf4 Qf6 18. Nd3 g5 19. Qf3 h6 20. Qxf6 Bxf6 21.
Rf1 Bd7 22. Rh3 Bb5 23. Rg3 Kh7 24. Rd1 Rac8 25. Kb1 Rfd8 26. Rf3 Kg7 27. Rg3
Kf8 28. Ne2 d5 29. exd5 Rxd5 30. f4 a5 31. Rf3 Ke7 32. Rdf1 Bxd3 33. cxd3 g4
34. Rg3 Rxh5 35. Rxg4 Rhc5 36. Rc1 Rxc1+ 37. Nxc1 Rc6 38. b3 Rc3 39. Rg3 a4 40.
bxa4 Rxa3 41. Rh3 Rxa4 42. f5 Ra1+ 43. Kc2 Bg5 44. Nb3 Ra2+ 45. Kc3 Rxg2 46.
fxe6 fxe6 47. Rh1 b6 48. Re1 Kd6 0-1

[Event "SR 3. liga A2 2006/2007"]
[Site "?"]
[Date "2007.01.28"]
[Round "7"]
[White "Steinecker, Frantisek"]
[Black "Kosar, Mikulas ml"]
[Result "0-1"]
[WhiteElo "1723"]
[BlackElo "1951"]
[Annotator "Trnava C - Gabcíkovo  /7/"]
[PlyCount "180"]
[EventDate "2006.??.??"]

1. e4 c5 2. Nf3 Nc6 3. Bc4 e6 4. Nc3 a6 5. a4 Qc7 6. d4 cxd4 7. Nxd4 Bb4 8. Be3
Bxc3+ 9. bxc3 Nf6 10. f3 Ne5 11. Bf4 Nxf3+ 12. Qxf3 Qxc4 13. e5 Nd5 14. Bd2 O-O
15. Qg3 f6 16. Rf1 f5 17. Rf3 b6 18. Qh4 f4 19. O-O-O Bb7 20. Rh3 h6 21. Qg4
Ne3 22. Bxe3 fxe3 23. Rxe3 Qxa4 24. Rg3 Rf7 25. Qg6 Qa1+ 26. Kd2 Qa4 27. Rf1
Raf8 28. Rf6 Qa5 29. Qxh6 Qxe5 30. Rfg6 Rf2+ 31. Kc1 R8f7 32. Re3 Qa5 33. Ne2
Qa1+ 34. Kd2 Rf1 35. Rh3 Qd1+ 36. Ke3 Kf8 37. Qg5 Ke8 38. Rh8+ Rf8 39. Rxf8+
Rxf8 40. Rxg7 Qd6 41. Nf4 Qc5+ 42. Qxc5 bxc5 43. Nxe6 Rf5 44. Nf4 a5 45. g3 a4
46. Kd2 c4 47. Ng6 a3 48. Re7+ Kd8 49. Re1 Rf2+ 50. Ke3 Rxh2 51. Ra1 Rg2 52.
Kf4 Rxc2 53. Rxa3 Rb2 54. Ke3 Rb3 55. Rxb3 cxb3 56. Kd2 b2 57. Kc2 Be4+ 58.
Kxb2 Bxg6 59. Kb3 d5 60. Kb4 Bd3 61. Kc5 Bc4 62. Kd6 Ke8 63. Ke5 Kf7 64. Kf5
Kg7 65. Kg5 Bd3 66. g4 Kf7 67. Kf4 Kf6 68. Ke3 Bc4 69. Kf4 Bb3 70. g5+ Kg6 71.
Kg4 Ba4 72. Kf4 Be8 73. Ke5 Bf7 74. Kf4 Bg8 75. Kg4 Kf7 76. Kf5 Ke7 77. Ke5 Kd7
78. g6 Ke7 79. g7 Be6 80. Kf4 Kf6 81. Ke3 Kxg7 82. Kf3 Kg6 83. Kf4 Kf6 84. Ke3
Kf5 85. Kd4 Kf4 86. Kd3 Kf3 87. Kd2 Bf5 88. Kc1 Ke3 89. Kb2 Bd3 90. Kc1 Ke2 0-1

[Event "SR 3. liga A2 2006/2007"]
[Site "?"]
[Date "2007.01.28"]
[Round "7"]
[White "Jandura, Akos"]
[Black "Herega, Jozef"]
[Result "0-1"]
[WhiteElo "1484"]
[BlackElo "1892"]
[Annotator "Trnava C - Gabcíkovo  /8/"]
[PlyCount "102"]
[EventDate "2006.??.??"]

1. e4 c5 2. Bc4 e6 3. Nc3 Nc6 4. Nf3 d6 5. d4 cxd4 6. Nxd4 Nf6 7. Bb5 Bd7 8.
Nxc6 Bxc6 9. Bxc6+ bxc6 10. O-O Be7 11. Bf4 O-O 12. e5 Nd5 13. Qf3 Rb8 14. Nxd5
cxd5 15. b3 dxe5 16. Bxe5 Bd6 17. Qg3 Bxe5 18. Qxe5 Qb6 19. Rad1 Rfc8 20. Rd2
Rb7 21. Rc1 Qa5 22. Qe2 Qxa2 23. Qe1 Qa5 24. Qe3 $11 Rxb3 25. Qxb3 Qxd2 26. Rf1
Qxc2 27. Qa3 Qc5 28. Qa6 g6 29. g3 Rc6 30. Qb7 a5 31. Ra1 Qb6 32. Qxb6 Rxb6 33.
Rxa5 Kg7 34. Kg2 Rd6 35. Ra3 e5 36. Kf3 h5 37. h4 f5 38. Ke3 d4+ 39. Kd3 Kf6
40. f3 Ke6 41. Ra5 Rc6 42. Ra3 Kd5 43. Ra5+ Rc5 44. Ra6 e4+ 45. fxe4+ fxe4+ 46.
Kd2 Rc6 47. Ra5+ Rc5 48. Ra6 e3+ 49. Ke2 Rc2+ 50. Ke1 d3 51. Ra8 Rc1# 0-1

[Event "SR 3. liga A2 2006/2007"]
[Site "?"]
[Date "2007.01.28"]
[Round "7"]
[White "Schmikli, Laszlo"]
[Black "Vass, Frantisek"]
[Result "0-1"]
[WhiteElo "2236"]
[BlackElo "2352"]
[Annotator "Velký Meder - Galanta  /1/"]
[PlyCount "88"]
[EventDate "2006.??.??"]

1. e4 e6 2. d4 d5 3. Nc3 Nf6 4. Bg5 Bb4 5. e5 h6 6. Bd2 Bxc3 7. bxc3 Ne4 8. Bd3
Nxd2 9. Qxd2 c5 10. Bb5+ Nd7 11. Nf3 Qa5 12. Bd3 b6 13. O-O Ba6 14. Rfb1 Rc8
15. Bxa6 Qxa6 16. a4 O-O 17. Rb5 cxd4 18. cxd4 Rc4 19. Rb4 Rfc8 20. Qd3 Nb8 21.
Rxc4 Rxc4 22. Qb3 Qa5 23. h3 Nc6 24. Qa3 Nxd4 25. Nxd4 Rxd4 26. Qe7 Rf4 27. g3
Rf5 28. Qe8+ Kh7 29. Rf1 Qc5 30. Kg2 Qxc2 31. Qb8 Qe4+ 32. f3 Qxe5 33. Qxa7
Qb2+ 34. Rf2 Qb3 35. a5 bxa5 36. Qxa5 d4 37. Qc7 d3 38. g4 d2 39. Rxd2 Qxf3+
40. Kh2 Rd5 41. Qc2+ f5 42. Rf2 Qe3 43. gxf5 exf5 44. Kg2 Rd3 0-1

[Event "SR 3. liga A2 2006/2007"]
[Site "?"]
[Date "2007.01.28"]
[Round "7"]
[White "Farkas, Gabor"]
[Black "Vertetics, Attila"]
[Result "0-1"]
[WhiteElo "2240"]
[BlackElo "2245"]
[Annotator "Velký Meder - Galanta  /2/"]
[PlyCount "78"]
[EventDate "2006.??.??"]

1. e4 c5 2. Nf3 d6 3. d4 cxd4 4. Nxd4 Nf6 5. Nc3 a6 6. Bg5 e6 7. f4 Qb6 8. Qd2
Qxb2 9. Nb3 Qa3 10. Bxf6 gxf6 11. Bd3 Qb4 12. O-O Nc6 13. Kh1 Bd7 14. a3 Qb6
15. Nd1 Be7 16. Ne3 Qc7 17. c4 b6 18. Rac1 Na5 19. Nxa5 bxa5 20. f5 Qc5 21.
fxe6 fxe6 22. e5 dxe5 23. Be4 Rc8 24. Bb7 Rc7 25. Rb1 f5 26. Qe2 O-O 27. Rf3
Bf6 28. Rg3+ Kh8 29. Rh3 Be8 30. Bxa6 Bg6 31. Rf1 Bg7 32. Nd1 e4 33. Nb2 Qd4
34. Rb3 f4 35. Rd1 Qa7 36. Bb5 f3 37. gxf3 exf3 38. Rxf3 Qa8 39. Rdf1 Rcf7 0-1